banner-ar

POTTERY BY AMERICAN INDIAN WOMEN / (Record no. 4717)

MARC details
000 -الفاتح
حقل البيانات ثابتة الطول 00577nam a2200181Ia 4500
008 - عناصر البيانات ثابتة الطول - معلومات عامة
حقل البيانات ثابتة الطول 140319s9999 xx 000 0 eng d
020 ## - الرقم الدولى المعيارى للكتب
الرقم الدولى المعيارى للكتاب 0789203537
040 ## - مصدر الفهرسة
وكالة الفهرسة الأصلية GCL /
وكالة النسخ GCL
082 04 - رقم تصنيف ديوى العشرى
رقم التصنيف 738.082
رقم المادة P P
100 1# - المدخل الرئيسى - إسم شخصى
الإسم الشخصى PETERSON, SUSAN
245 10 - بيان العنوان
العنوان POTTERY BY AMERICAN INDIAN WOMEN /
بيان المسئوليه,etc PETERSON, SUSAN
260 ## - PUBLICATION, DISTRIBUTION, ETC. (IMPRINT)
تاريخ النشر أو التوزيع 1997
300 ## - الوصف المادى
التعداد 224 P
تفاصيل ماديه اخرى للوعاء ILL. ؛
أبعاد الوعاء 26 cm.
650 04 - المدخل الاضافى بالموضوع-مصطلح موضوعى
مصطلح موضوعي INDIAN POTTERY - NORTH AMERICAN - EXHIBITIONS
650 04 - المدخل الاضافى بالموضوع-مصطلح موضوعى
مصطلح موضوعي INDIAN WOMEN POTTERY - NORTH AMERICA - EXHIBITIONS
942 ## - عناصر المدخل الإضافي( كوها)
مصدر التصنيف او مخطط الترفيف Dewey Decimal Classification
Koha [default] item type كتاب
260 ## - PUBLICATION, DISTRIBUTION, ETC. (IMPRINT)
-- [S.N] :
-- THE NATIONAL MUSEUM OF WOSMIN IN THE ART ،
Holdings
حالة التراجع حالة الفقد حالة تلف ليس للاعارة المكان المؤقت الموقع الحالى تاريخ الاكتساب اجمالي اﻻعارات رقم الطلب الباركود تاريخ اخر مشاهدة تاريخ تفعيل السعر نوع وعاء كوها
        مكتبة القاهرة الكبرى مكتبة القاهرة الكبرى 03/26/2014   738.082\P P 10627 03/26/2014 03/26/2014 كتاب

Powered By

EGPV